00734 2200289 4500001002100000005001500021035002000036007000300056008004100059040001700100100001300117245003600130250001200166300003800178041000800216082001100224084001400235090001800249260003800267650001400305850001000319990002300329990002300352990002300375990002300398990002300421INLIS00000000000339620260416124332 a0010-0521000033ta260416 0  aSBPUPADbind0 aHazairin1 aDemokrasi Pancasila /cHazairin a.-cet.4 a147 hlm. :bilus. ;c14,7x20,5 cm aind a320,05 a320 HAZ d a320 HAZ d 6-6 a.--Jakarta :bRineka Cipta,c1990 4aDemokrasi aPUPAD a3163/BR/ARPUS/2007 a3165/BR/ARPUS/2007 a3166/BR/ARPUS/2007 a3164/Br/arpus/2007 a3167/Br/arpus/2007